[Event "SR 2. liga A 2008/2009"]
[Site "?"]
[Date "2009.01.10"]
[Round "7.4"]
[White "Bukovsky, Milan"]
[Black "Malar, Pavol"]
[Result "1/2-1/2"]
[WhiteElo "2022"]
[BlackElo "2090"]
[PlyCount "76"]
[EventDate "2008.??.??"]
[WhiteTeam "Slovakia"]
[BlackTeam "II"]
[WhiteTeamCountry "SVK"]
[BlackTeamCountry "SVK"]

1. c4 f5 2. Nf3 Nf6 3. g3 g6 4. Bg2 Bg7 5. O-O O-O 6. Nc3 d6 7. d4 Qe8 8. Qc2
Qf7 9. b3 h6 10. e4 fxe4 11. Nxe4 Nxe4 12. Qxe4 Nc6 13. Bb2 Bf5 14. Qe3 Rae8
15. Rae1 g5 16. Bc3 Bg4 17. Nd2 Qh5 18. f4 gxf4 19. Rxf4 Rxf4 20. Qxf4 Qf5 21.
Qxf5 Bxf5 22. Nf3 Bg4 23. Re4 Bf5 24. Re1 Nd8 25. Bd2 Ne6 26. d5 Nc5 27. Nh4
Bh7 28. Bh3 Ne4 29. Be3 Rf8 30. Be6+ Kh8 31. g4 Ng5 32. Bxg5 hxg5 33. Nf5 Bxf5
34. Bxf5 Be5 35. Kg2 Kg7 36. h3 a5 37. a4 c6 38. Rd1 c5 1/2-1/2

[Event "SR 2. liga A 2008/2009"]
[Site "?"]
[Date "2009.01.10"]
[Round "7.4"]
[White "Csiba, Peter"]
[Black "Skara, Vladimir"]
[Result "1-0"]
[WhiteElo "2041"]
[BlackElo "2097"]
[PlyCount "69"]
[EventDate "2008.??.??"]
[WhiteTeam "Slovakia"]
[BlackTeam "II"]
[WhiteTeamCountry "SVK"]
[BlackTeamCountry "SVK"]

1. e4 e6 2. f4 d5 3. e5 c5 4. Nf3 Nc6 5. c3 Qb6 6. d3 Bd7 7. Na3 Be7 8. g3 h5
9. Bg2 Nh6 10. O-O h4 11. Nxh4 Bxh4 12. gxh4 Nf5 13. h5 g6 14. hxg6 fxg6 15.
Qb3 Qd8 16. Bd2 Qh4 17. h3 O-O-O 18. Be1 Qe7 19. Nb5 a6 20. a4 Rh7 21. Bf2 Rg8
22. Qa3 b6 23. Nd6+ Nxd6 24. exd6 Qxd6 25. a5 g5 26. axb6 gxf4 27. Bxc5 Qb8 28.
Qxa6+ Kd8 29. b7 Rhg7 30. Qb6+ Ke8 31. Ra8 Rxg2+ 32. Kh1 d4 33. Rxb8+ Nxb8 34.
Qd6 Kf7 35. Rxf4+ 1-0

[Event "SR 2. liga A 2008/2009"]
[Site "?"]
[Date "2009.01.10"]
[Round "7.4"]
[White "Janos, Jozef"]
[Black "Goga, Frantisek"]
[Result "1-0"]
[WhiteElo "2244"]
[BlackElo "1960"]
[PlyCount "65"]
[EventDate "2008.??.??"]
[WhiteTeam "Slovakia"]
[BlackTeam "II"]
[WhiteTeamCountry "SVK"]
[BlackTeamCountry "SVK"]

1. d4 Nf6 2. Nf3 g6 3. c4 Bg7 4. g3 O-O 5. Bg2 d6 6. Nc3 Nc6 7. O-O e5 8. d5
Ne7 9. e4 a5 10. Ne1 Nd7 11. Nd3 f5 12. f3 b6 13. a3 Nf6 14. Bd2 Bd7 15. b4
fxe4 16. fxe4 Qc8 17. c5 Qa6 18. Be3 Ng4 19. Bg5 Rxf1+ 20. Bxf1 Qc4 21. h3 Qd4+
22. Kh1 Nf6 23. c6 Qxc3 24. cxd7 Nxe4 25. Bxe7 Nxg3+ 26. Kg2 Nf5 27. Bg5 e4 28.
Rc1 Qxa3 29. Rxc7 Qa2+ 30. Rc2 Qxd5 31. Rc8+ Kf7 32. Nf2 Qb7 33. Bc4+ 1-0

[Event "SR 2. liga A 2008/2009"]
[Site "?"]
[Date "2009.01.10"]
[Round "7.4"]
[White "Padysak, Tomas"]
[Black "Srna, Jan"]
[Result "1-0"]
[WhiteElo "1941"]
[BlackElo "2042"]
[PlyCount "109"]
[EventDate "2008.??.??"]
[WhiteTeam "Slovakia"]
[BlackTeam "II"]
[WhiteTeamCountry "SVK"]
[BlackTeamCountry "SVK"]

1. e4 e6 2. d3 d5 3. Nd2 c6 4. g3 Bc5 5. Bg2 Ne7 6. Ngf3 Ng6 7. d4 Be7 8. O-O
b5 9. h4 O-O 10. h5 Nh8 11. Ne5 Qb6 12. Nb3 f6 13. Nd3 a5 14. Qe2 Ra7 15. Nbc5
Na6 16. c3 Nxc5 17. Nxc5 Bxc5 18. dxc5 Qd8 19. Be3 Re7 20. Rfd1 Qe8 21. a4 Ba6
22. b3 Qb8 23. Bf4 e5 24. exd5 cxd5 25. Bxd5+ Nf7 26. Be3 Kh8 27. axb5 Bxb5 28.
c4 Be8 29. Qc2 Ng5 30. Rxa5 Qc8 31. Bxg5 fxg5 32. Kg2 Qg4 33. Rh1 e4 34. Qd1
Qf5 35. Ra2 g4 36. h6 gxh6 37. Qd4+ Re5 38. Qe3 Bg6 39. Qf4 Qxf4 40. gxf4 Rxf4
41. Ra8+ Kg7 42. c6 Ref5 43. Rg8+ Kf6 44. Rf1 Ke7 45. c7 Rf8 46. c8=Q Rxc8 47.
Rxc8 h5 48. Rh1 Kd6 49. b4 Rf3 50. b5 Rc3 51. Rc6+ Ke5 52. b6 Kf4 53. b7 h4 54.
Rxh4 e3 55. Rc8 1-0

[Event "SR 2. liga A 2008/2009"]
[Site "?"]
[Date "2009.01.10"]
[Round "7.4"]
[White "Pagerka, Martin"]
[Black "Macko, Tibor"]
[Result "0-1"]
[WhiteElo "1998"]
[BlackElo "2152"]
[PlyCount "74"]
[EventDate "2008.??.??"]
[WhiteTeam "Slovakia"]
[BlackTeam "II"]
[WhiteTeamCountry "SVK"]
[BlackTeamCountry "SVK"]

1. e4 d6 2. d4 g6 3. Nc3 Bg7 4. Be3 Nf6 5. f3 c6 6. Qd2 O-O 7. O-O-O b5 8. Kb1
a5 9. g4 a4 10. Nce2 Qa5 11. c3 Na6 12. h4 h5 13. gxh5 Nxh5 14. Nf4 b4 15. c4
Nxf4 16. Bxf4 Qh5 17. Be2 c5 18. dxc5 Nxc5 19. Qe3 Bb7 20. Bg5 Rfe8 21. Nh3 Bh8
22. Nf4 Qh7 23. h5 Qg7 24. Qd2 a3 25. hxg6 b3 26. gxf7+ Kxf7 27. Nh5 bxa2+ 28.
Kxa2 axb2+ 29. Kb1 Ra1+ 30. Kc2 Rxd1 31. Rxd1 Qe5 32. Rh1 Ra8 33. Bf4 Qd4 34.
Qxd4 Bxd4 35. Ng3 Ra1 36. Rb1 Bc6 37. Rxb2 Ba4+ 0-1

[Event "SR 2. liga A 2008/2009"]
[Site "?"]
[Date "2009.01.10"]
[Round "7.4"]
[White "Petrik, Karol"]
[Black "Bezuch, Martin"]
[Result "1-0"]
[WhiteElo "2167"]
[BlackElo "2238"]
[PlyCount "74"]
[EventDate "2008.??.??"]
[WhiteTeam "Slovakia"]
[BlackTeam "II"]
[WhiteTeamCountry "SVK"]
[BlackTeamCountry "SVK"]

1. d4 Nf6 2. Nf3 g6 3. g3 Bg7 4. Bg2 d6 5. O-O Nbd7 6. b3 c5 7. Bb2 O-O 8. Nbd2
cxd4 9. Nxd4 e5 10. Nb5 Qb6 11. Nc3 Qa6 12. a4 Nc5 13. Nb5 Ne6 14. Ne4 Nxe4 15.
Bxe4 Ng5 16. Bg2 Nh3+ 17. Kh1 Qb6 18. e3 Rd8 19. c4 h5 20. a5 Nxf2+ 21. Rxf2
Qxe3 22. Qf3 Qxf3 23. Bxf3 f5 24. Bd5+ Kh7 25. a6 Rb8 26. Nxa7 Bd7 27. axb7 Bh6
28. Nc6 Bxc6 29. Bxc6 f4 30. Re1 h4 31. gxh4 Bg7 32. Be4 Bf6 33. Rg1 Kg7 34.
Rxg6+ Kf7 35. h5 Rh8 36. Bd5+ Ke7 37. Rxf4 exf4 1-0

[Event "SR 2. liga A 2008/2009"]
[Site "?"]
[Date "2009.01.10"]
[Round "7.5"]
[White "Flak, Juraj"]
[Black "Krajnak, Robert"]
[Result "1/2-1/2"]
[WhiteElo "2061"]
[BlackElo "2079"]
[PlyCount "47"]
[EventDate "2008.??.??"]
[WhiteTeam "Slovakia"]
[BlackTeam "II"]
[WhiteTeamCountry "SVK"]
[BlackTeamCountry "SVK"]

1. e4 c5 2. Nf3 e6 3. d4 cxd4 4. Nxd4 Nc6 5. c4 Nf6 6. Nc3 d6 7. Be3 Be7 8. Be2
O-O 9. O-O Bd7 10. Qd2 Qb8 11. Rad1 Rd8 12. a3 Nxd4 13. Bxd4 Bc6 14. f3 a6 15.
Bb6 Rc8 16. Kh1 Nd7 17. Bf2 b5 18. cxb5 Bxb5 19. Nxb5 axb5 20. Bg3 Ne5 21. Bxe5
dxe5 22. Qd7 Rc2 23. Bd3 Rc7 24. Qxb5 1/2-1/2

[Event "SR 2. liga A 2008/2009"]
[Site "?"]
[Date "2009.01.10"]
[Round "7.5"]
[White "Gono, Michal"]
[Black "Polasek, Filip"]
[Result "1/2-1/2"]
[WhiteElo "1854"]
[BlackElo "2096"]
[PlyCount "85"]
[EventDate "2008.??.??"]
[WhiteTeam "Slovakia"]
[BlackTeam "II"]
[WhiteTeamCountry "SVK"]
[BlackTeamCountry "SVK"]

1. d4 d5 2. c4 e6 3. Nc3 Nf6 4. Bg5 Nbd7 5. e3 Be7 6. Nf3 O-O 7. Rc1 b6 8. a3
Bb7 9. cxd5 Nxd5 10. Bxe7 Nxe7 11. Be2 c5 12. O-O Nf5 13. dxc5 Nxc5 14. b4 Ne4
15. Nxe4 Bxe4 16. Qxd8 Rfxd8 17. Rfd1 Rxd1+ 18. Rxd1 h6 19. Rd7 a5 20. g4 axb4
21. axb4 Ra1+ 22. Kg2 Nh4+ 23. Kg3 Nxf3 24. Bxf3 Bxf3 25. Kxf3 Rb1 26. Rd8+ Kh7
27. Rd4 Kg6 28. h4 Kf6 29. Kg3 Rb3 30. Re4 g5 31. h5 b5 32. Rd4 Ke5 33. Rd7 f5
34. gxf5 exf5 35. Rh7 Rxb4 36. Rxh6 Rg4+ 37. Kf3 Rh4 38. Rb6 b4 39. Rb5+ Kf6
40. Rb6+ Ke5 41. Rb5+ Kf6 42. Rb6+ Ke5 43. Rb5+ 1/2-1/2

[Event "SR 2. liga A 2008/2009"]
[Site "?"]
[Date "2009.01.10"]
[Round "7.5"]
[White "Hertel, Ondrej"]
[Black "Sturdik, Igor"]
[Result "1/2-1/2"]
[WhiteElo "2040"]
[BlackElo "2022"]
[PlyCount "144"]
[EventDate "2008.??.??"]
[WhiteTeam "Slovakia"]
[BlackTeam "II"]
[WhiteTeamCountry "SVK"]
[BlackTeamCountry "SVK"]

1. d4 Nf6 2. Nf3 e6 3. c4 c5 4. d5 exd5 5. cxd5 d6 6. Nc3 g6 7. e4 Bg7 8. Bb5+
Bd7 9. a4 O-O 10. O-O a6 11. Be2 Bg4 12. h3 Bxf3 13. Bxf3 Nbd7 14. Bf4 Qe7 15.
Bh2 Rfe8 16. Qc2 Rac8 17. Rae1 Ne5 18. Be2 g5 19. f4 gxf4 20. Bxf4 Ng6 21. Bh2
Nd7 22. Bg4 Rc7 23. Kh1 Nde5 24. Bf5 Qg5 25. a5 Nh4 26. Nd1 c4 27. Bf4 Qd8 28.
Be3 Nd3 29. Re2 Nxf5 30. Rxf5 Qd7 31. Bb6 Rcc8 32. Re3 Rxe4 33. Rxf7 Qxf7 34.
Rxe4 Qxd5 35. Qe2 Ne5 36. Nc3 Qd3 37. Qh5 Qf1+ 38. Kh2 Qf7 39. Qe2 Rf8 40. Bd4
Qf1 41. Qd2 Qd3 42. Qg5 Qc2 43. Bxe5 dxe5 44. Rg4 Qg6 45. Qe7 Qf7 46. Qxf7+
Rxf7 47. Rxc4 Rd7 48. Ne4 h6 49. Rc8+ Kf7 50. Nc5 Re7 51. Rb8 e4 52. Rxb7 Rxb7
53. Nxb7 e3 54. Kg3 Bxb2 55. Kf3 Bc1 56. Nc5 Bd2 57. Nxa6 Bxa5 58. Kxe3 Kg6 59.
Kf3 Bc3 60. Nc5 Bb2 61. Nd3 Bc3 62. g4 Kg5 63. Kg3 Ba5 64. h4+ Kf6 65. h5 Kg5
66. Kf3 Bc7 67. Nc5 Kf6 68. Nd7+ Kg5 69. Nf8 Kf6 70. Ng6 Bd6 71. Nh4 Ba3 72.
Nf5 Bc1 1/2-1/2

[Event "SR 2. liga A 2008/2009"]
[Site "?"]
[Date "2009.01.10"]
[Round "7.5"]
[White "Pekar, Jozef"]
[Black "Bury, Rastislav"]
[Result "0-1"]
[WhiteElo "1907"]
[BlackElo "2088"]
[PlyCount "44"]
[EventDate "2008.??.??"]
[WhiteTeam "Slovakia"]
[BlackTeam "II"]
[WhiteTeamCountry "SVK"]
[BlackTeamCountry "SVK"]

1. e4 c5 2. Nf3 d6 3. d4 cxd4 4. Nxd4 Nf6 5. Nc3 a6 6. Be2 e5 7. Nb3 Be6 8. Be3
Be7 9. Nd5 Bxd5 10. exd5 Nbd7 11. Qd2 O-O 12. O-O-O Rc8 13. f4 Qc7 14. g4 Nxd5
15. Bd3 exf4 16. Bxf4 Ne5 17. Bxe5 dxe5 18. Bf5 Rcd8 19. Kb1 g6 20. Qh6 Rd6 21.
Be4 Rfd8 22. h4 Nc3+ 0-1

[Event "SR 2. liga A 2008/2009"]
[Site "?"]
[Date "2009.01.10"]
[Round "7.5"]
[White "Sustak, Roman"]
[Black "Peitl, Tomas"]
[Result "0-1"]
[WhiteElo "1975"]
[BlackElo "2033"]
[PlyCount "104"]
[EventDate "2008.??.??"]
[WhiteTeam "Slovakia"]
[BlackTeam "II"]
[WhiteTeamCountry "SVK"]
[BlackTeamCountry "SVK"]

1. Nf3 Nf6 2. c4 c5 3. Nc3 Nc6 4. g3 g6 5. Bg2 Bg7 6. O-O O-O 7. d3 d6 8. a3
Be6 9. Rb1 Nd7 10. Nd5 Bxd5 11. cxd5 Nd4 12. b4 Rc8 13. Ne1 cxb4 14. axb4 Nb5
15. Bb2 Nb6 16. Qb3 Bxb2 17. Rxb2 Rc3 18. Qd1 Qc7 19. Nc2 Rc8 20. Ne3 Nd4 21.
h4 Rc1 22. Qxc1 Qxc1 23. Rxc1 Rxc1+ 24. Bf1 Kf8 25. f4 Nf5 26. Nxf5 gxf5 27.
Kf2 Nxd5 28. Bg2 Nc3 29. Kf3 a6 30. g4 fxg4+ 31. Kxg4 b6 32. Kh5 Kg7 33. e4 a5
34. e5 a4 35. Be4 dxe5 36. fxe5 f5 37. Rg2+ Kf7 38. Bxf5 a3 39. Kh6 Rh1 40.
Rg7+ Kf8 41. Rg4 a2 42. Be6 Rxh4+ 43. Rxh4 a1=Q 44. Rf4+ Ke8 45. Rg4 Qh1+ 46.
Kg7 Qh5 47. d4 Ne4 48. Kh8 Ng5 49. Bc8 e6 50. Bxe6 Nxe6 51. Rg8+ Kf7 52. Rb8
Nxd4 0-1

[Event "SR 2. liga A 2008/2009"]
[Site "?"]
[Date "2009.01.10"]
[Round "7.5"]
[White "Tomanek, Rafael"]
[Black "Certek, Pavel"]
[Result "0-1"]
[WhiteElo "1979"]
[BlackElo "2216"]
[PlyCount "146"]
[EventDate "2008.??.??"]
[WhiteTeam "Slovakia"]
[BlackTeam "II"]
[WhiteTeamCountry "SVK"]
[BlackTeamCountry "SVK"]

1. d4 Nf6 2. Nf3 g6 3. g3 Bg7 4. Bg2 O-O 5. O-O d5 6. c4 dxc4 7. Nc3 c6 8. Ne5
Ng4 9. Nxc4 Qxd4 10. Qxd4 Bxd4 11. Bf4 Na6 12. h3 Nf6 13. Rfd1 Bc5 14. Na4 Be6
15. Na5 Nd5 16. Nxb7 Bb6 17. Bd2 Rab8 18. Na5 Rfc8 19. a3 Bxa5 20. Bxa5 Nb6 21.
Nxb6 axb6 22. Bc3 f6 23. b4 c5 24. b5 Nc7 25. a4 Kf7 26. e4 Rd8 27. Rxd8 Rxd8
28. Bf1 Rb8 29. f4 Ke8 30. Kf2 Kd7 31. g4 Ne8 32. a5 Nd6 33. Kf3 bxa5 34. Rxa5
Bc4 35. Ra7+ Ke6 36. f5+ gxf5 37. gxf5+ Kf7 38. e5 fxe5 39. Bxe5 Bxf1 40. Bxd6
Rxb5 41. Rxe7+ Kf6 42. Rxh7 Kxf5 43. Bxc5 Kg6 44. Rc7 Bxh3 45. Be3 Be6 46. Rc5
Rb7 47. Rg5+ Kf6 48. Rc5 Bd7 49. Bf4 Rb3+ 50. Be3 Ke6 51. Ra5 Bc6+ 52. Ke2 Bd5
53. Bd4 Bc4+ 54. Kf2 Rd3 55. Be3 Rb3 56. Rg5 Rb2+ 57. Kg3 Bd5 58. Bf4 Rb3+ 59.
Be3 Rxe3+ 60. Kf2 Ra3 61. Ke2 Be4 62. Rc5 Bd5 63. Rc8 Ke5 64. Re8+ Kd4 65. Kf2
Rf3+ 66. Ke2 Rg3 67. Kf2 Rg2+ 68. Kf1 Ra2 69. Rd8 Ke4 70. Re8+ Kf4 71. Ke1 Be4
72. Rd8 Ke3 73. Kd1 Ra1# 0-1

[Event "SR 2. liga A 2008/2009"]
[Site "?"]
[Date "2009.01.10"]
[Round "7.6"]
[White "Chovanec, Vladimir"]
[Black "Navara, Vladimir"]
[Result "1-0"]
[WhiteElo "2083"]
[BlackElo "1814"]
[PlyCount "52"]
[EventDate "2008.??.??"]
[WhiteTeam "Slovakia"]
[BlackTeam "II"]
[WhiteTeamCountry "SVK"]
[BlackTeamCountry "SVK"]

1. Nf3 d5 2. g3 Nf6 3. Bg2 g6 4. b3 Bg7 5. Bb2 O-O 6. c4 c6 7. O-O Bf5 8. d3
dxc4 9. bxc4 Qb6 10. Qb3 Nbd7 11. Nbd2 Qxb3 12. axb3 a6 13. h3 h5 14. e4 Be6
15. d4 Nb6 16. d5 cxd5 17. cxd5 Bd7 18. Bd4 Nc8 19. Rfc1 Ne8 20. e5 Bb5 21. Ne4
f6 22. Nc5 fxe5 23. Bxe5 b6 24. Ne6 Bxe5 25. Nxe5 Rf6 26. Nd4 Ncd6 {time} 1-0

[Event "SR 2. liga A 2008/2009"]
[Site "?"]
[Date "2009.01.10"]
[Round "7.6"]
[White "Farkas, Vladimir"]
[Black "Hricak, Vasil"]
[Result "0-1"]
[WhiteElo "2035"]
[BlackElo "2046"]
[PlyCount "74"]
[EventDate "2008.??.??"]
[WhiteTeam "Slovakia"]
[BlackTeam "II"]
[WhiteTeamCountry "SVK"]
[BlackTeamCountry "SVK"]

1. e4 c5 2. Nc3 d6 3. Nf3 Nc6 4. d4 cxd4 5. Nxd4 e5 6. Nb3 Be6 7. Nd5 Nf6 8.
Bg5 Be7 9. Nxe7 Nxe7 10. Bxf6 gxf6 11. Qf3 Nc6 12. Bb5 O-O 13. O-O Kh8 14. c3
Rg8 15. h3 a6 16. Be2 b5 17. Rfd1 Qe7 18. Rd2 Rad8 19. Rad1 Na7 20. Na5 Rg6 21.
Kh2 Qc7 22. Nb3 Nc8 23. Nc1 Ne7 24. Bf1 f5 25. exf5 Nxf5 26. g4 d5 27. Qg2 e4+
28. Kh1 Nh4 29. Qg3 Qd7 30. Ne2 Nf3 31. Rc2 f5 32. Nf4 Rgg8 33. Bg2 fxg4 34.
Nxe6 Qxe6 35. Bxf3 gxf3 36. Qh4 Qg6 37. Qg3 Qh5 0-1

[Event "SR 2. liga A 2008/2009"]
[Site "?"]
[Date "2009.01.10"]
[Round "7.6"]
[White "Hecko, Dusan"]
[Black "Mihalik, Anton"]
[Result "1/2-1/2"]
[WhiteElo "2160"]
[BlackElo "1959"]
[Annotator "Fritz 9 (20s)"]
[PlyCount "89"]
[EventDate "2008.??.??"]
[WhiteTeam "Slovakia"]
[BlackTeam "II"]
[WhiteTeamCountry "SVK"]
[BlackTeamCountry "SVK"]

{B86: Sicilian Scheveningen/Najdorf: 6 Bc4, without early ...b5} 1. e4 c5 2.
Nf3 d6 3. d4 cxd4 4. Nxd4 Nf6 5. Nc3 a6 6. Bc4 e6 7. O-O Be7 8. Bb3 O-O 9. Be3
Qc7 10. Qe2 Nc6 11. f3 ({kniz. Fritz} 11. f4 b5 12. f5 Nxd4 13. Bxd4 b4 14.
fxe6 bxc3 15. exf7+ Kh8 16. bxc3 Bg4 17. Qe3 Qa5 18. h3) 11... Bd7 12. Rad1
Rac8 13. Nxc6 Bxc6 14. Rd2 b5 15. a3 Rfe8 16. Qf2 Qb7 17. Rfd1 Red8 18. Kh1 Rd7
19. Bd4 Rcd8 20. Ne2 Ne8 21. Bc3 Qc7 22. Qg3 (22. Nd4 Bb7 23. Nxe6 fxe6 24.
Bxe6+ Kh8 $16) 22... d5 23. Qxc7 (23. e5 Bb7 $16) 23... Nxc7 $14 24. Ba5 Rc8
25. Bxc7 Rdxc7 26. exd5 exd5 27. c3 (27. Nf4 $16) 27... Rd7 $14 28. Nd4 Bb7 29.
Nf5 Bg5 $11 30. Re2 Rcd8 31. Kg1 g6 32. Nd4 Kf8 33. Kf2 Be7 34. f4 Bc5 35. g3
Re7 36. Rxe7 Kxe7 37. Re1+ Kf6 38. Re5 Bd6 39. Re3 Bc5 40. Ke2 Rd7 41. Kd3 Re7
42. a4 b4 43. cxb4 Bxb4 44. Rxe7 Kxe7 45. Bd1 1/2-1/2

[Event "SR 2. liga A 2008/2009"]
[Site "?"]
[Date "2009.01.10"]
[Round "7.6"]
[White "Kolman, Richard"]
[Black "Michalko, Peter"]
[Result "1-0"]
[WhiteElo "2110"]
[BlackElo "1782"]
[PlyCount "101"]
[EventDate "2008.??.??"]
[WhiteTeam "Slovakia"]
[BlackTeam "II"]
[WhiteTeamCountry "SVK"]
[BlackTeamCountry "SVK"]

1. d4 Nf6 2. Bg5 Ne4 3. h4 h6 4. Bf4 d5 5. f3 Nf6 6. Nc3 c5 7. e4 cxd4 8. Qxd4
Nc6 9. Bb5 Bd7 10. Bxc6 Bxc6 11. e5 Nd7 12. e6 fxe6 13. Qd3 Nf6 14. Qg6+ Kd7
15. O-O-O Kc8 16. Nge2 Qe8 17. Qd3 Qd7 18. Nd4 e5 19. Bxe5 e6 20. Ncb5 Ne8 21.
c4 Bd6 22. Nxd6+ Nxd6 23. Bxd6 Qxd6 24. Nxe6 Qxe6 25. cxd5 Qxd5 26. Qxd5 Bxd5
27. Rxd5 Kc7 28. Rhd1 Rac8 29. Rc5+ Kb6 30. Rxc8 Rxc8+ 31. Kd2 Rd8+ 32. Ke2
Re8+ 33. Kf2 Rc8 34. Rd2 Rc7 35. g4 Re7 36. f4 a5 37. Kf3 Kc6 38. g5 hxg5 39.
hxg5 g6 40. Re2 Rg7 41. Kg4 Kd5 42. Re5+ Kd4 43. Rxa5 Rf7 44. Re5 Kd3 45. Re6
Rg7 46. f5 gxf5+ 47. Kxf5 Kc2 48. Rb6 Kb1 49. Kf6 Rd7 50. g6 Kxa2 51. g7 1-0

[Event "SR 2. liga A 2008/2009"]
[Site "?"]
[Date "2009.01.10"]
[Round "7.6"]
[White "Krist, Milan"]
[Black "Lahucky, Pavol"]
[Result "1-0"]
[WhiteElo "2046"]
[BlackElo "2066"]
[PlyCount "54"]
[EventDate "2008.??.??"]
[WhiteTeam "Slovakia"]
[BlackTeam "II"]
[WhiteTeamCountry "SVK"]
[BlackTeamCountry "SVK"]

1. d4 f5 2. c4 g6 3. Nc3 Nf6 4. Nf3 Bg7 5. e3 c6 6. Bd3 O-O 7. O-O d5 8. cxd5
cxd5 9. Bd2 Ne4 10. Rc1 Nc6 11. Nxd5 Kh8 12. Nb4 Nxd2 13. Qxd2 Qb6 14. Nxc6
bxc6 15. Bc4 Bf6 16. Bb3 Rd8 17. Qc2 Ba6 18. Rfd1 Rac8 19. Rd2 Kg7 20. Qc5 Qxc5
21. Rxc5 Rd6 22. h3 Rcd8 23. Rdc2 Bd3 24. Rc1 Be4 25. Ne5 Bxe5 26. Rxe5 Kf6 27.
Rcc5 R8d7 1-0

[Event "SR 2. liga A 2008/2009"]
[Site "?"]
[Date "2009.01.10"]
[Round "7.6"]
[White "Obdrzalkova, Anita"]
[Black "Horvath, Marek"]
[Result "1-0"]
[WhiteElo "2005"]
[BlackElo "1839"]
[PlyCount "105"]
[EventDate "2008.??.??"]
[WhiteTeam "Slovakia"]
[BlackTeam "II"]
[WhiteTeamCountry "SVK"]
[BlackTeamCountry "SVK"]

1. d4 Nf6 2. Nf3 g6 3. c4 Bg7 4. Nc3 d6 5. e4 O-O 6. Be2 e5 7. O-O Nc6 8. d5
Ne7 9. Ne1 a5 10. Be3 Ne8 11. f3 f5 12. Nd3 f4 13. Bf2 g5 14. c5 Kh8 15. a3 h5
16. Rc1 Rf7 17. cxd6 cxd6 18. Na4 Ng8 19. Nb6 Rb8 20. Qa4 Ngf6 21. Qxa5 g4 22.
Qa7 Bd7 23. Nxd7 Rxd7 24. Bb6 Ra8 25. Bxd8 Rxa7 26. Bb6 Ra8 27. Nb4 Bf8 28. Rc3
Rg7 29. Rfc1 Be7 30. Rc8 Rxc8 31. Rxc8 Kh7 32. Kf1 h4 33. fxg4 Rg6 34. h3 Ng7
35. Bf3 Nd7 36. Bf2 Nc5 37. Ke2 Rf6 38. Nd3 Rf8 39. Rxf8 Bxf8 40. Nxc5 dxc5 41.
Bxh4 b5 42. Bd8 Ne8 43. Kd2 Nd6 44. Kc3 b4+ 45. axb4 cxb4+ 46. Kb3 Kg6 47. h4
Nb7 48. h5+ Kf7 49. Bc7 Nc5+ 50. Kc4 Na4 51. b3 Nb2+ 52. Kb5 Nd3 53. d6 1-0

[Event "SR 2. liga A 2008/2009"]
[Site "?"]
[Date "2009.01.10"]
[Round "7.7"]
[White "Curidlo, Jan"]
[Black "Vach, Pavol"]
[Result "0-1"]
[WhiteElo "1979"]
[BlackElo "2104"]
[PlyCount "60"]
[EventDate "2008.??.??"]
[WhiteTeam "Slovakia"]
[BlackTeam "II"]
[WhiteTeamCountry "SVK"]
[BlackTeamCountry "SVK"]

1. e4 e6 2. d4 d5 3. Nd2 Nf6 4. e5 Nfd7 5. Bd3 g6 6. Ndf3 Bg7 7. Ne2 c5 8. c3
Nc6 9. a3 O-O 10. O-O f6 11. exf6 Bxf6 12. Be3 e5 13. dxe5 Ncxe5 14. Nxe5 Bxe5
15. f4 Bd6 16. Bxg6 Nf6 17. Bc2 Re8 18. Rf3 Bg4 19. Rg3 Kh8 20. Bd3 c4 21. Bc2
Rxe3 22. Rxe3 Bc5 23. Qd2 Bxe2 24. Qxe2 Qe7 25. Kf2 Ng4+ 26. Kf3 Nxe3 27. Re1
Re8 28. Bb1 Qd7 29. h3 d4 30. cxd4 Qd5+ 0-1

[Event "SR 2. liga A 2008/2009"]
[Site "?"]
[Date "2009.01.10"]
[Round "7.7"]
[White "Kollarik, Gorazd"]
[Black "Puchart, Vladimir"]
[Result "1/2-1/2"]
[WhiteElo "1941"]
[BlackElo "2024"]
[PlyCount "71"]
[EventDate "2008.??.??"]
[WhiteTeam "Slovakia"]
[BlackTeam "II"]
[WhiteTeamCountry "SVK"]
[BlackTeamCountry "SVK"]

1. e4 c5 2. Nf3 d6 3. d4 cxd4 4. Nxd4 Nf6 5. Nc3 a6 6. Be2 e5 7. Nb3 Be7 8. Be3
O-O 9. O-O Qc7 10. a4 b6 11. Bf3 Bb7 12. Qe2 Nbd7 13. Rfd1 Rac8 14. Rd2 Rfd8
15. Rad1 Qb8 16. g3 h6 17. Bg2 Qa8 18. f3 Nc5 19. Nxc5 dxc5 20. Rxd8+ Rxd8 21.
Rxd8+ Qxd8 22. Qd2 Qxd2 23. Bxd2 Kf8 24. Bf1 Bd6 25. Bc4 Ke7 26. Kf2 Bc7 27. b3
Bb8 28. Bc1 Bc7 29. g4 Ke8 30. h4 Bd8 31. Kg3 Bc7 32. Be3 Bd6 33. Bc1 Bc7 34.
Be3 Bd6 35. Bc1 Bc7 36. Be3 1/2-1/2

[Event "SR 2. liga A 2008/2009"]
[Site "?"]
[Date "2009.01.10"]
[Round "7.7"]
[White "Orolin, Peter"]
[Black "Vinarcik, Jan"]
[Result "1-0"]
[WhiteElo "1941"]
[BlackElo "2002"]
[PlyCount "61"]
[EventDate "2008.??.??"]
[WhiteTeam "Slovakia"]
[BlackTeam "II"]
[WhiteTeamCountry "SVK"]
[BlackTeamCountry "SVK"]

1. d4 d5 2. c4 e6 3. Nf3 Nf6 4. g3 c6 5. Bg2 Nbd7 6. Nbd2 Qa5 7. O-O Be7 8. a3
O-O 9. b4 Qc7 10. cxd5 exd5 11. Nb3 Re8 12. Bb2 Nb6 13. Ne5 Nfd7 14. f4 f6 15.
Nxd7 Bxd7 16. e4 dxe4 17. Bxe4 f5 18. Bd3 Nd5 19. Re1 Bf6 20. Qf3 b6 21. Nd2 b5
22. Bxb5 Qb6 23. Bc4 Bxd4+ 24. Bxd4 Qxd4+ 25. Qf2 Qxf2+ 26. Kxf2 Kf7 27. Nf3
Kf6 28. Ne5 Re7 29. Rad1 Nb6 30. Nxd7+ Nxd7 31. Rd6+ 1-0

[Event "SR 2. liga A 2008/2009"]
[Site "?"]
[Date "2009.01.10"]
[Round "7.7"]
[White "Petrakovic, Kamil"]
[Black "Lesny, Stefan"]
[Result "0-1"]
[WhiteElo "1810"]
[BlackElo "2105"]
[PlyCount "96"]
[EventDate "2008.??.??"]
[WhiteTeam "Slovakia"]
[BlackTeam "II"]
[WhiteTeamCountry "SVK"]
[BlackTeamCountry "SVK"]

1. e4 e5 2. Nf3 Nc6 3. Bb5 d6 4. O-O Bd7 5. c3 Nf6 6. d3 Be7 7. Re1 O-O 8. Nbd2
h6 9. Nf1 Nh7 10. Ng3 Ng5 11. Nxg5 Bxg5 12. Bxg5 Qxg5 13. Qc1 Qxc1 14. Raxc1 g6
15. d4 Rad8 16. d5 Ne7 17. Bxd7 Rxd7 18. c4 f5 19. f3 fxe4 20. fxe4 Rf4 21. Rc3
Rd8 22. Rf3 Rdf8 23. Ref1 Rxf3 24. Rxf3 Rf7 25. Kf2 Kg7 26. b4 Ng8 27. a4 Nf6
28. h3 Nd7 29. Ke3 Nb6 30. Rxf7+ Kxf7 31. c5 Nxa4 32. c6 bxc6 33. dxc6 Ke6 34.
Kd3 a6 35. Ne2 d5 36. Nc1 Kd6 37. exd5 Kxd5 38. Nb3 Kxc6 39. Ke4 Kd6 40. Na5
Nc3+ 41. Kd3 Nd5 42. Kc4 Nb6+ 43. Kd3 Kd5 44. Nb7 Nd7 45. Nd8 c5 46. bxc5 Nxc5+
47. Kc3 Ne4+ 48. Kb4 Nd6 0-1

[Event "SR 2. liga A 2008/2009"]
[Site "?"]
[Date "2009.01.10"]
[Round "7.7"]
[White "Priam, Stefan"]
[Black "Milanov, Jasen"]
[Result "0-1"]
[WhiteElo "1898"]
[BlackElo "1952"]
[PlyCount "88"]
[EventDate "2008.??.??"]
[WhiteTeam "Slovakia"]
[BlackTeam "II"]
[WhiteTeamCountry "SVK"]
[BlackTeamCountry "SVK"]

1. d4 e6 2. c4 d5 3. Nf3 Nf6 4. Nc3 Be7 5. e3 O-O 6. Bd3 b6 7. O-O Bb7 8. cxd5
exd5 9. Ne5 a6 10. Bd2 Nbd7 11. f4 c5 12. Rc1 c4 13. Bb1 b5 14. Rf3 Nb6 15. Rg3
b4 16. Ne2 Rc8 17. Kh1 Ne4 18. Rf3 Rc7 19. Ng3 Qc8 20. Nxe4 dxe4 21. Rg3 f5 22.
Qh5 Nd5 23. Rh3 Nf6 24. Qe2 Bd5 25. Qe1 a5 26. Qh4 c3 27. bxc3 bxc3 28. Be1 c2
29. Bxc2 Rxc2 30. Rb1 Bb4 31. a3 Bxa3 32. Rb6 h6 33. Rg3 Qc7 34. Rxf6 Rxf6 35.
Qxf6 Rc1 36. h3 Bf8 37. Qxf5 Qc3 38. Nf3 Bf7 39. Qxe4 a4 40. f5 Rxe1+ 41. Nxe1
Qxe1+ 42. Kh2 Bd6 43. Qg4 Bxg3+ 44. Qxg3 Qxg3+ 0-1

[Event "SR 2. liga A 2008/2009"]
[Site "?"]
[Date "2009.01.10"]
[Round "7.7"]
[White "Ptak, Jozef"]
[Black "Stefan, Oldrich"]
[Result "1/2-1/2"]
[WhiteElo "1683"]
[BlackElo "2030"]
[PlyCount "51"]
[EventDate "2008.??.??"]
[WhiteTeam "Slovakia"]
[BlackTeam "II"]
[WhiteTeamCountry "SVK"]
[BlackTeamCountry "SVK"]

1. d4 Nf6 2. c4 g6 3. Nc3 d5 4. e3 Bg7 5. Nf3 O-O 6. Bd2 b6 7. Rc1 Bb7 8. c5
bxc5 9. dxc5 Nbd7 10. Na4 c6 11. Bc3 Qc7 12. h3 e5 13. Be2 Ne4 14. b4 Nxc3 15.
Nxc3 f5 16. O-O Rae8 17. Qb3 Kh8 18. Rfd1 e4 19. Nd4 f4 20. Bf1 fxe3 21. fxe3
Qg3 22. Nce2 Qf2+ 23. Kh1 Bh6 24. Nc2 Ne5 25. Qc3 Bg7 26. Qd2 1/2-1/2